| 000 | 00864nas a2200301 4500 | ||
|---|---|---|---|
| 001 | BR2011007329 | ||
| 003 | BR-BrBNA | ||
| 005 | 20231205115747.0 | ||
| 007 | ta | ||
| 008 | 230509b bl.|||p| |||| 00| 00por d | ||
| 040 |
_aBR-BrBNA _bpor _cBiblioteca Nacional de Agricultura |
||
| 041 | _a(Pt) | ||
| 072 | _aP35 | ||
| 100 | 1 | _aOliveira Júnior, A.C. de | |
| 100 | 1 | _aFaquin, V. | |
| 100 | 1 | _aPinto, J.E.B.P. | |
| 245 | 1 | _aEfeitos de calagem e adubação no crescimento e nutrição de arnica | |
| 650 | _aARNICA | ||
| 650 | _aMUDA | ||
| 650 | _aPLANTA MEDICINAL | ||
| 650 | _aCALAGEM | ||
| 650 | _aADUBAÇÃO | ||
| 650 | _aNUTRIENTE | ||
| 650 | _aALUMÍNIO | ||
| 773 | 0 |
_tHorticultura Brasileira (Brazil) _xISSN 0102-0536 _g(Jul-Sep 2006), v. 24(3) p. 347-351 _wBR2011007329 |
|
| 909 |
_a202311 _bLúcia _c55 _dLúcia Elande |
||
| 942 |
_2AGRIS _n0 _cANA |
||
| 999 |
_c215560 _d215560 |
||